Statistiken für China nach Bild

Klicken Sie hier um das Quiz zu spielen!

Allgemein

  • Dieses Quiz wurde 2.925 mal gespielt
  • Das Durchschnittsergebnis liegt bei 11 aus 18

Antwortstatistiken

Antwort% Korrekt
Großer Panda
100%
Bambus
97%
Chinesische Mauer
96%
Drache
91%
Shanghai
82%
Mount {Everest}
79%
Hongkong
75%
Buddhismus
73%
Mao Zedong
68%
{Terrakotta}-Armee
61%
Xi Jinping
61%
Porzellan
48%
Jangtsekiang
38%
Kalligraphie
32%
Lhasa
25%
Vogelnest
25%
{Tiananmen}-Platz
23%
Harbin
9%

Verteilung der Resultate

Perzentil nach korrekt beantworteten Fragen

Anzahl Personen mit jedem Resultat

Ihre Resultats-Entwicklung

Sie haben dieses Quiz noch nicht gespielt